Svetlo do tmy

Projekt transformácie a reštrukturalizácie železníc Slovenskej republiky. Celkový výkon prepravy tovari ŽSR. Legislatívne zmeny. Nákladná a osobná preprava v rokoch 1993-2000. Návrh optimalizácie zamestnanosti v ŽSR.

Gespeichert in:
Bibliographische Detailangaben
1. Verfasser: Andrejčák, Tomáš
Format: Buchkapitel
Sprache:Slowakisch
Schlagworte:
Tags: Tag hinzufügen
Keine Tags, Fügen Sie das erste Tag hinzu!

MARC

LEADER 00000naa a2200000 4500
001 r040565
005 20230920072649.0
041 0 |a slo 
044 |a SK 
245 1 0 |a Svetlo do tmy  |c Tomáš Andrejčák 
520 |a Projekt transformácie a reštrukturalizácie železníc Slovenskej republiky. Celkový výkon prepravy tovari ŽSR. Legislatívne zmeny. Nákladná a osobná preprava v rokoch 1993-2000. Návrh optimalizácie zamestnanosti v ŽSR. 
610 2 0 |a železnice 
610 2 0 |a preprava 
610 2 0 |a transformácia 
610 2 0 |a konsolidácia 
610 2 0 |a oddlženie 
610 2 0 |a zamestnanosť 
610 2 0 |a úver investičný 
610 2 0 |a Slovensko 
610 2 0 |a ŽSR 
100 1 |a Andrejčák, Tomáš